| 000 | 00666nam a2200205 4500 | ||
|---|---|---|---|
| 001 | 121877 | ||
| 003 | ES-MaACL | ||
| 007 | t| | ||
| 008 | 070214s1954 sp r ||||1| spa d | ||
| 100 | 1 |
_aPlus, Raoul. _992677 |
|
| 245 | 1 | 0 |
_aHacia el matrimonio _b: para el tiempo de noviazgo / _cpor Raúl Plus ; versión del francés por Gabriel Alba. |
| 250 | _a6ª ed. | ||
| 260 |
_aBarcelona : _bEugenio Subirana, _c1954. |
||
| 300 |
_a174 p. ; _c18 cm. |
||
| 490 | 1 |
_aAmor, matrimonio, familia ; _v3 |
|
| 700 | 1 |
_aAlba, Gabriel. _919191 |
|
| 830 | 0 | 0 |
_aAmor, matrimonio, familia _v3 _9183870 |
| 852 |
_aES-MaACL _jC-8474 _bR.36497 |
||
| 999 |
_c121877 _d121877 |
||